Operators Of The A320 Family - Statistics

General Stats
  • This quiz has been taken 199 times
    197 since last reset
  • The average score is 38 of 126
Answer Stats
Number Of Aircraft Answer % Correct
469 American Airlines
85%
147 British Airways
82%
78 Air France
81%
322 EasyJet
81%
247 Delta Airlines
74%
216 Air China
71%
206 Lufthansa
71%
204 United Airlines
69%
93 Aeroflot
68%
34 Air Canada
68%
62 Iberia
68%
242 LATAM
64%
43 Aer Lingus
61%
72 Air India
61%
214 JetBlue
58%
176 Spirit Airlines
58%
33 Air New Zealand
57%
35 Finnair
56%
116 Turkish Airlines
56%
50 Ita Airways
54%
178 Wizz Air
54%
126 Avianca
51%
12 Korean Air
51%
31 Brussels Airlines
50%
74 Scandinavian Airlines
50%
357 China Eastern Airlines
49%
60 Aegean Airlines
47%
39 Austrian Airlines
47%
308 China Southern Airlines
47%
265 IndiGo
47%
200 Air Asia
46%
111 Frontier Airlines
46%
37 All Nippon Airways
44%
57 TAP Air Portugal
44%
10 Alaska Airlines
42%
18 Hawaiian Airlines
42%
127 Vueling
42%
14 Cathay Pacific
40%
12 Egypt Air
40%
69 Vietnam Airlines
40%
76 Eurowings
39%
31 Swiss Airlines
39%
22 Asiana Airlines
36%
62 Jetstar
36%
13 Azerbaijan Airlines
35%
29 Philippine Airlines
35%
29 Etihad Airways
33%
25 Eva Air
33%
18 MEA
33%
17 Pakistan International Airlines
33%
46 S7 Airlines
33%
104 Volaris
33%
67 Air Arabia
32%
23 Air Astana
32%
27 Gulf Air
29%
42 Cebu Pacific
28%
22 Tunisair
28%
23 Condor
26%
66 Pegasus Airlines
26%
159 Sichuan Airlines
26%
10 Edelweiss
25%
43 Scoot
25%
12 SriLankan Airlines
25%
47 Vistara
25%
39 Volotea
25%
12 Hong Kong Airlines
24%
91 VietJet Air
24%
21 Air Busan
22%
16 Kuwait Airways
22%
108 Shenzhen Airlines
22%
58 VivaAerobus
22%
49 Citilink
21%
16 Uzbekistan Airways
21%
13 Lucky Air
19%
11 QantasLink
18%
41 Tianjin Airlines
18%
12 Air Blue
17%
49 Azul Airlines
17%
32 Batik Air
17%
12 JetSmart
17%
17 Rossiya Airlines
17%
116 Spring Airlines
17%
21 Air Cairo
15%
22 Air Macau
15%
36 Flynas
15%
82 Juneyao Airlines
15%
39 Peach Airlines
15%
31 Qatar Airlines
15%
12 Royal Jordanian Airlines
15%
34 Tibet Airlines
15%
40 Chengdu Airlines
14%
11 StarFlyer
14%
20 Flyadeal
13%
60 Loong Air
13%
13 Starlux Airlines
13%
34 Ural Airlines
13%
22 Bangkok Airways
11%
28 Hk Express
11%
17 Jazeera Airways
11%
11 Nouvelair
11%
32 Qingdao Airlines
11%
30 Sky Airline
11%
20 Thai Smile
11%
19 China Express Airlines
10%
15 Tigerair
10%
15 Air Travel
8%
21 Bamboo Airlines
8%
12 Salam Air
8%
26 Super Air Jet
8%
10 Titan Airways
8%
38 West Air
8%
10 Air Guilin
7%
19 Avion Express
7%
76 Beijing Capital Airlines
7%
30 Chongqing Airlines
7%
29 Lauda Europe
6%
16 SmartLynx Airlines
6%
22 Air Transit
4%
61 Saudi Airlines
4%
22 Viva Colombia
4%
130 Alliegiant
3%
20 Jetstar Japan
3%
17 Pacific Airlines
3%
10 Global Crossing Airlines
1%
59 Go First
1%
16 PAL Express
1%
No matching quizzes found
Score Distribution
Percent of People with Each Score
Percentile by Number Answered
Your Score History
You have not taken this quiz since the last reset